000 00328 a2200145 4500
001 174500
020 _a
040 _cMagnum
100 _aValle, Luiz Alberto Caldas do
240 1 0 _aA importancia de um parafusinho
_lpor
245 1 0 _aA importancia de um parafusinho
362 0 _a1899
697 _aI/GERAL
942 _cBK
999 _c174500
_d174500